World Cities Closest to Cairo - One Minute Sprint - Statistics

General Stats
  • This quiz has been taken 34 times
  • The average score is 10 of 20
Answer Stats
km city miles % Correct
180 Alexandria 112
100%
615 Damascus 382
88%
407 Tel Aviv 253
88%
497 Amman 309
81%
1240 Istanbul 770
72%
587 Beirut 365
69%
1121 Athens 697
66%
1109 Ankara 689
59%
880 Aleppo 547
50%
1300 Baghdad 808
47%
1234 Jeddah 767
47%
1006 Izmir 625
38%
1291 Mecca 802
34%
759 Antalya 471
25%
1034 Medina 643
25%
349 Gaza 217
22%
862 Adana 536
16%
1146 Bursa 712
16%
967 Gaziantep 601
16%
878 Konya 546
13%
No matching quizzes found
Score Distribution
Percent of People with Each Score
Percentile by Number Answered
Your Score History
You have not taken this quiz